000 00836nam a2200205Ii 4500
003 JO-AjNU
008 230605s9999||||xx |||||||||||||| ||und||
040 _aJO-AjNU
_bara
_erda
_cJO-AjNU
041 _aara
050 1 4 _aJX1245.A22 1997
100 3 _aعلوان، عبد الكريم,
_eauthor
_946360
245 0 0 _aالوسيط في القانون الدولي العام: القانون الدولي المعاصر =Public International Law، الكتاب الثالث
250 _aط1
264 3 1 _aعمان: مكتبة دار الثقافة اانشر والتوزيع، 1997
300 _aالكتاب الثالث، 321ص
336 _atext
_btxt
_2rdacontent
337 _aunmediated
_bn
_2rdamedia
338 _avolume
_bnc
_2rdacarrier
650 4 _aحقوق الانسان - القانون الدولي العام
_946361
999 _aA20161
_c23729
_d23729